Rubber exploitation at boeung ket rubber plantation, ការធ្វើអាជីវកម្មចៀរជ័រកៅស៊ូ នៅនៅចំការកៅស៊ូបឹងកេត​ (Record no. 1354)

000 -LEADER
fixed length control field 00564nam a22001577a 4500
003 - CONTROL NUMBER IDENTIFIER
control field OSt
005 - DATE AND TIME OF LATEST TRANSACTION
control field 20150927155912.0
008 - FIXED-LENGTH DATA ELEMENTS--GENERAL INFORMATION
fixed length control field 150927b xxu||||| |||| 00| 0 eng d
040 ## - CATALOGING SOURCE
Transcribing agency RUA
082 ## - DEWEY DECIMAL CLASSIFICATION NUMBER
Classification number ATM.Sp CHH 2003 B058 Or.1
100 ## - MAIN ENTRY--PERSONAL NAME
9 (RLIN) 1441
Personal name CHHEANG, TIVA.
245 ## - TITLE STATEMENT
Title Rubber exploitation at boeung ket rubber plantation, ការធ្វើអាជីវកម្មចៀរជ័រកៅស៊ូ នៅនៅចំការកៅស៊ូបឹងកេត​
260 ## - PUBLICATION, DISTRIBUTION, ETC. (IMPRINT)
Place of publication, distribution, etc. Phnom Penh
Name of publisher, distributor, etc. RUA
Date of publication, distribution, etc. 2003
300 ## - PHYSICAL DESCRIPTION
Extent 47p.
Other physical details ill.
Dimensions 29cm.
942 ## - ADDED ENTRY ELEMENTS (KOHA)
Source of classification or shelving scheme
Koha item type ATM.s
Holdings
Price effective from Date last seen Permanent Location Not for loan Date acquired Source of classification or shelving scheme Koha item type Lost status Withdrawn status Date last checked out Total Checkouts Shelving location Damaged status Barcode Current Location Full call number
2015-09-272016-04-21Library Block B 2015-09-27 ATM.s  2016-03-231B058 RUA001794Library Block BATM.Sp CHH 2003 B058 Or.1
2015-09-272016-07-16Library Block B 2015-09-27 ATM.s  2016-07-022B058 RUA001778Library Block BATM.Sp CHH 2003 B058 Or.2
2015-09-272015-09-27Library Block B 2015-09-27 ATM.s    B058 RUA001922Library Block BATM.Sp CHH 2003 B058 Or.3
2015-09-272015-09-27Library Block B 2015-09-27 ATM.s    B058 RUA001994Library Block BATM.Sp CHH 2003 B058 Or.4
2016-11-112016-11-11Library Block B 2016-11-11 ATM.s    B058 A03391Library Block BATM.Sp CHH 2003 B058 Or.5
មជ្ឈមណ្ឌលឯការនៃសាកលវិទ្យាល័យភូមិន្ទកសិកម្មចំការដូង

Powered by Koha